[Event "1/16 Finale"]
[Site "www.chess-mail.com"]
[Date "2016.04.09"]
[Round "1"]
[White "Vogue"]
[Black "Asoka"]
[WhiteElo "2410"]
[BlackElo "2700"]
[Result "0-1"]
[Round "1"]
1.c4 e5
2.g3 Ng8f6
3.Bf1g2 Bf8c5
4.Nb1c3 O-O
5.Ng1f3 d6
6.d3 h6
7.O-O Rf8e8
8.a3 a5
9.Bc1d2 Bc8g4
10.h3 Bg4e6
11.e3 c6
12.Qd1c2 Qd8c8
13.Kh2 Nb8d7
14.Rf1c1 Qc8d8
15.Nc3a4 Bc5a7
16.b4 axb4
17.axb4 Ba7b8
18.Ra1b1 Be6f5
19.e4 Bf5h7
20.Nf3h4 d5
21.cxd5 cxd5
22.Na4c5 b6
23.Nc5a4 Nd7f8
24.Bd2e3 d4
25.Be3d2 Re8e7
26.Qc2c6 Ra8a6
27.Nh4f5 Re7c7
28.Qc6b5 Rc7a7
29.Na4b2 Nf6e8
30.Qb5c4 Bh7xf5
31.exf5 Ne8d6
32.Qc4d5 b5
33.Qd5xe5 Nd6c4
34.Qe5e2 Nc4xd2
35.Qe2xd2 Bb8d6
36.f4 Qd8d7
37.Nb2d1 Qd7xf5
38.Nd1f2 Ra6a2
39.Rb1b2 Ra2xb2
40.Qd2xb2 Ra7a4
41.Qb2xd4 Bd6xb4
42.Qd4d5 Qf5xd5
43.Bg2xd5 Bb4d6
44.Rc1c6 Bd6e7
45.Rc6c7 Ra4d4
46.Bd5c6 Be7d6
47.Rc7b7 b4
48.Bc6e8 f5
49.Be8f7 Kh8
50.Kg2 g5
51.fxg5 hxg5
52.Rb7b5 f4
53.Rb5xg5 fxg3
54.Nf2e4 Bd6e7
55.Rg5h5 Kg7
56.Bf7c4 Nf8g6
57.Kxg3 Rd4d8
58.Kf3 Rd8b8
59.Bc4b3 Rb8f8
60.Ke3 Ng6h4
61.Rh5e5 Rf8f3
62.Ke2 Be7f6
 { time }
0-1

[Event "1/8 Finale"]
[Site "www.chess-mail.com"]
[Date "2016.04.09"]
[Round "1"]
[White "Asoka"]
[Black "Echo314"]
[WhiteElo "2730"]
[BlackElo "2790"]
[Result "0-1"]
[Round "1"]
1.e4 c5
2.Ng1f3 d6
3.d4 cxd4
4.Nf3xd4 Ng8f6
5.Nb1c3 a6
6.Nd4f3 Nb8d7
7.Bf1d3 e6
8.O-O b6
9.Bc1f4 Bc8b7
10.a3 Bf8e7
11.e5 Bb7xf3
12.Qd1xf3 dxe5
13.Bf4g5 O-O
14.Ra1d1 Qd8c7
15.Nc3e4 Rf8d8
16.h4 h6
17.Ne4xf6 Be7xf6
18.Bd3e4 Ra8a7
19.Bg5xh6 gxh6
20.Rd1xd7 Qc7xd7
21.Qf3xf6 Qd7d2
22.Qf6xe5 Qd2d4
23.Qe5g3 Kf8
24.Qg3f4 Qd4xb2
25.Qf4xh6 Ke7
26.Qh6g5 Qb2f6
27.Qg5e3 Rd8d4
28.Rf1e1 Ra7c7
29.g3 Qf6e5
30.Kg2 Rd4d6
31.f4 Qe5d4
32.f5 Qd4xe3
33.Re1xe3 b5
34.fxe6 Rd6xe6
35.Kf3 Rc7c4
36.g4 Kf8
37.Kf4 Kg7
38.g5 f6
39.Kf5 Re6e5
40.Kf4 Rc4a4
41.gxf6 Kxf6
42.Kf3 a5
43.h5 Re5xh5
44.Kg3 Rh5g5
45.Kf2 Rg5e5
46.Re3f3 Ke7
47.Be4f5 Kd6
48.Bf5h7 Ra4c4
49.Bh7g6 a4
50.Bg6h7 Kc5
51.Bh7f5 b4
52.Bf5d3 Rc4d4
{ resign }
0-1

[Event "1/64 Finale"]
[Site "www.chess-mail.com"]
[Date "2016.04.09"]
[Round "1"]
[White "Emiondi"]
[Black "Ff333"]
[WhiteElo "2220"]
[BlackElo "1940"]
[Result "1/2-1/2"]
[Round "1"]
1.d4 d5
2.c4 e6
3.Ng1f3 h6
4.Nb1c3 Bf8b4
5.e3 Ng8f6
6.Qd1a4 Nb8c6
7.cxd5 Nf6xd5
8.Bc1d2 Bc8d7
9.Nc3xd5 Nc6xd4
10.Qa4d1 Nd4xf3
11.Qd1xf3 Bb4xd2
12.Kxd2 Bd7c6
13.Bf1d3 Bc6xd5
14.e4 Bd5c4
15.b3 Bc4a6
16.Rh1d1 Ba6xd3
17.Qf3xd3 Qd8g5
18.Kc2 Qg5c5
19.Kb1 O-O
20.Qd3e2 a5
21.a4 Rf8d8
22.Ka2 Rd8d6
23.Ra1c1 Qc5b6
24.Rd1xd6 Qb6xd6
25.g3 Ra8d8
26.Rc1c2 Qd6d4
{ draw }
1/2-1/2

[Event "Tourn. n8661"]
[Site "www.chess-mail.com"]
[Date "2016.04.10"]
[Round "1"]
[White "Osopanda"]
[Black "Julian"]
[WhiteElo "2060"]
[BlackElo "2090"]
[Result "0-1"]
[Round "1"]
1.c4 c6
2.d4 d5
3.b3 Ng8f6
4.g3 g6
5.Bf1g2 Bf8g7
6.Bc1b2 O-O
7.e3 Nb8d7
8.Ng1f3 Qd8c7
9.O-O b6
10.Qd1c2 Bc8b7
11.Nb1d2 Ra8c8
12.Ra1c1 Qc7d6
13.Rf1e1 Rf8e8
14.c5 bxc5
15.Nf3e5 cxd4
16.exd4 Nf6e4
17.Nd2xe4 dxe4
18.Re1xe4 Nd7xe5
19.dxe5 Qd6e6
20.Re4h4 Re8d8
21.Bg2h3 f5
22.f4 c5
23.Rc1d1 Rd8xd1
24.Qc2xd1 c4
25.g4 Qe6c6
26.Kf2 c3
27.Bb2a3 c2
28.Qd1e2 Qc6b6
29.Kg3 Qb6g1
30.Bh3g2 Qg1xg2
31.Qe2xg2 Bb7xg2
32.Kxg2 fxg4
33.Rh4xg4 c1Q
34.Ba3xc1 Rc8xc1
35.Kf3 Kf7
36.Rg4g2 Ke6
37.h4 Bg7h6
38.Rg2f2 a5
39.Kg4 Bh6g7
40.Rf2f3 Rc1c2
41.a4 h6
42.h5 gxh5
43.Kxh5 Kf5
44.Rf3h3 Kxf4
45.Kg6 Bg7xe5
46.Kxh6 Rc2c3
47.Rh3xc3 Be5xc3
48.Kg6 e5
{ resign }
0-1

[Event "Tourn. n8684"]
[Site "www.chess-mail.com"]
[Date "2016.04.10"]
[Round "1"]
[White "Szustan"]
[Black "Tonino1"]
[WhiteElo "2640"]
[BlackElo "2280"]
[Result "1-0"]
[Round "1"]
1.e4 c5
2.c3 Nb8c6
3.d4 cxd4
4.cxd4 d5
5.exd5 Qd8xd5
6.Ng1f3 Bc8g4
7.Nb1c3 Qd5e6
8.Bc1e3 O-O-O
9.d5 Qe6g6
10.Qd1a4 Nc6b8
11.Ra1c1 Rd8d7
12.Nc3b5 Kd8
13.Qa4xa7  { time }
1-0

[Event "Tourn. n8627"]
[Site "www.chess-mail.com"]
[Date "2016.04.10"]
[Round "1"]
[White "Elogic"]
[Black "Francesco"]
[WhiteElo "1850"]
[BlackElo "2020"]
[Result "0-1"]
[Round "1"]
1.g3 d5
2.Bf1g2 e5
3.c3 Bc8f5
4.e3 Ng8f6
5.Ng1f3 Nb8d7
6.O-O Bf8d6
7.d3 O-O
8.Nb1d2 c5
9.Nf3h4 Bf5e6
10.c4 Ra8b8
11.cxd5 Be6xd5
12.Bg2xd5 Nf6xd5
13.a3 b5
14.e4 Nd5f6
15.Nh4f5 Bd6c7
16.f4 Rf8e8
17.Nd2f3 exf4
18.gxf4 Nf6h5
19.Nf3g5 g6
20.e5 Bc7b6
21.Nf5d6 Re8f8
22.Ng5xf7 Rf8xf7
23.Nd6xf7 Kxf7
24.Qd1b3 Kg7
25.Qb3xb5 c4
26.Kh1 cxd3
27.Qb5xd3 Qd8c7
28.b4 Qc7c6
29.Qd3f3 Qc6xf3
30.Rf1xf3 Rb8f8
31.Bc1b2 Kg8
32.Ra1d1 Nd7b8
33.Bb2c1 Nb8c6
34.b5 Nc6e7
35.Kg2 Ne7f5
36.Kh3 Nf5d4
37.Rf3f1 Nd4e6
38.Kg4 Nh5g7
39.Rd1d7 Ng7f5
40.Bc1d2 Bb6e3
41.Bd2b4 Rf8b8
42.Rd7d5 Be3b6
43.a4 Nf5e3
44.Kg3 Ne3xd5
45.Bb4d6 Rb8c8
46.Rf1d1 Rc8c3
47.Kh4 Bb6f2
{ resign }
0-1

[Event "Tourn. n8709"]
[Site "www.chess-mail.com"]
[Date "2016.04.10"]
[Round "1"]
[White "Francesco"]
[Black "Elogic"]
[WhiteElo "1940"]
[BlackElo "1810"]
[Result "1-0"]
[Round "1"]
1.e4 g6
2.Ng1f3 d6
3.Bf1c4 Bc8d7
4.O-O b5
5.Bc4b3 c5
6.a3 Bf8g7
7.Rf1e1 c4
8.Bb3a2 Nb8c6
9.d3 Qd8b6
10.Nb1c3 Nc6d4
11.Bc1e3 Bd7g4
12.Nc3d5 Qb6c5
13.b4 Nd4xf3
14.gxf3 Qc5c6
15.fxg4 Bg7xa1
16.Qd1xa1 f6
17.Qa1c3 Kd7
18.dxc4 e5
19.cxb5 Qc6xc3
20.Nd5xc3 Ng8e7
21.Nc3d5 Ne7xd5
22.Ba2xd5 Ra8c8
23.c4 { resign }
1-0

[Event "Tourn. n8667"]
[Site "www.chess-mail.com"]
[Date "2016.04.10"]
[Round "1"]
[White "Mrfunk"]
[Black "Numanoid"]
[WhiteElo "2260"]
[BlackElo "2470"]
[Result "1/2-1/2"]
[Round "1"]
1.e4 d6
2.d4 Ng8f6
3.Nb1c3 g6
4.Bc1e3 Bf8g7
5.Qd1d2 O-O
6.O-O-O c6
7.h4 h5
8.f3 b5
9.Kb1 Nb8d7
10.Ng1h3 Nd7b6
11.Be3h6 Ra8b8
12.Qd2g5 Nb6c4
13.Bh6xg7 Kxg7
14.e5 Bc8xh3
15.gxh3 dxe5
16.dxe5 Nf6d5
17.Nc3xd5 cxd5
18.e6 f5
19.a4 a6
20.Bf1xc4 bxc4
21.Qg5f4 Qd8a5
22.Rh1g1 Qa5c3
23.Rg1xg6 Kxg6
24.Qf4g5 Kh7
{ draw }
1/2-1/2

[Event "Tourn. n8666"]
[Site "www.chess-mail.com"]
[Date "2016.04.10"]
[Round "1"]
[White "Faerieking"]
[Black "Osopanda"]
[WhiteElo "2140"]
[BlackElo "2040"]
[Result "1-0"]
[Round "1"]
1.d4 d5
2.c4 e6
3.Ng1f3 Ng8f6
4.g3 Bf8e7
5.Bf1g2 O-O
6.O-O c6
7.Qd1c2 Nb8d7
8.Bc1g5 h6
9.Bg5c1 Rf8e8
10.Nb1c3 Be7f8
11.Rf1d1 g6
12.Bc1f4 Nf6h5
13.Bf4e5 Nd7xe5
14.Nf3xe5 Bf8g7
15.f4 Nh5f6
16.e4 Nf6xe4
17.Nc3xe4 dxe4
18.Bg2xe4 h5
19.Ne5xf7 Qd8f6
20.Be4xg6 Re8f8
21.Nf7e5 Qf6e7
22.Bg6xh5 Bg7xe5
23.fxe5 Qe7g7
24.Rd1f1 Bc8d7
25.Ra1e1 Rf8xf1
26.Re1xf1 Ra8f8
27.Rf1xf8 Kxf8
28.Qc2g6 Qg7xg6
29.Bh5xg6 Kg7
30.Bg6d3 Kh6
31.h4 b6
32.b4 Kh5
33.Bd3e2 Kg6
34.g4 Bd7c8
35.Kf2 Bc8a6
36.b5 cxb5
37.cxb5 Ba6b7
38.Be2f3 Bb7c8
39.Ke3 { resign }
1-0

[Event "Tourn. n8631"]
[Site "www.chess-mail.com"]
[Date "2016.04.10"]
[Round "1"]
[White "Szustan"]
[Black "Goofy"]
[WhiteElo "2690"]
[BlackElo "2310"]
[Result "1-0"]
[Round "1"]
1.e4 d5
2.exd5 Ng8f6
3.d4 Bc8g4
4.Ng1f3 Qd8xd5
5.Bf1e2 Nb8c6
6.c4 Qd5f5
7.O-O O-O-O
8.Bc1e3 e5
9.d5 e4
10.Nf3d4 Nc6xd4
11.Be3xd4 Bf8d6
12.Nb1c3 Bg4xe2
13.Nc3xe2 Kb8
14.h3 Rh8e8
15.Qd1a4 b6
16.Ne2c3 Qf5f4
17.g3 Qf4g5
18.Nc3b5 Bd6xg3
19.Qa4xa7 Kc8
20.Bd4e3 Qg5g6
21.Rf1d1 Bg3d6
22.Kf1 Re8e7
23.Qa7a8 Kd7
24.Qa8c6 Kc8
25.c5 bxc5
26.Nb5a7 Kb8
27.Qc6a6 c6
28.Na7xc6 { resign }
1-0

[Event "Tourn. n8660"]
[Site "www.chess-mail.com"]
[Date "2016.04.10"]
[Round "1"]
[White "Goofy"]
[Black "Seger"]
[WhiteElo "2320"]
[BlackElo "2720"]
[Result "0-1"]
[Round "1"]
1.e4 e5
2.Ng1f3 Nb8c6
3.Bf1c4 Ng8f6
4.d3 Bf8c5
5.c3 a5
6.h3 d5
7.exd5 Nf6xd5
8.O-O O-O
9.Rf1e1 Nd5b6
10.Bc4b3 h6
11.Bc1e3 Bc5xe3
12.Re1xe3 a4
13.Bb3c2 Nb6d5
14.Re3e1 Nd5f4
15.Nb1d2 Ra8a5
16.Nd2e4 Qd8d7
17.Re1e3 f5
18.Ne4g3 Nf4xg2
19.Nf3xe5 Nc6xe5
{ resign }
0-1

[Event "Tourn. n8682"]
[Site "www.chess-mail.com"]
[Date "2016.04.10"]
[Round "1"]
[White "Azulmarino"]
[Black "Picalojack"]
[WhiteElo "1490"]
[BlackElo "1499"]
[Result "1-0"]
[Round "1"]
1.e4 e5
2.Ng1f3 Nb8c6
3.Bf1b5 a6
4.Bb5c4 Ng8f6
5.Nf3g5 Nf6xe4
6.Qd1f3 Ne4xg5
7.Qf3b3 Bf8c5
8.d3 Qd8f6
9.O-O e4
10.Bc1xg5 Nc6a5
11.Bg5xf6 gxf6
12.Qb3c3 e3
13.Qc3xf6 exf2
14.Rf1xf2 Bc5xf2
15.Qf6xf2  { time }
1-0

[Event "Tourn. n8655"]
[Site "www.chess-mail.com"]
[Date "2016.04.10"]
[Round "1"]
[White "Elogic"]
[Black "Andychesston"]
[WhiteElo "1960"]
[BlackElo "1960"]
[Result "0-1"]
[Round "1"]
1.c4 e5
2.Nb1c3 Nb8c6
3.e3 Ng8f6
4.d3 d6
5.Bf1e2 Bf8e7
6.Bc1d2 Bc8e6
7.a3 O-O
8.h3 d5
9.cxd5 Nf6xd5
10.Nc3xd5 Be6xd5
11.Be2f3 f5
12.Bf3xd5 Qd8xd5
13.Rh1h2 e4
14.d4 b6
15.g4 Be7g5
16.f4 Bg5h4
17.Kf1 Ra8d8
18.b4 Rd8d6
19.g5 g6
20.a4 Qd5c4
21.Qd1e2 Qc4d5
22.b5 Nc6e7
23.Bd2b4 Rd6d7
24.Qe2a2 Qd5xa2
25.Ra1xa2 c5
26.Bb4c3 Ne7d5
27.Ke2 Nd5xc3
28.Kf1 Nc3xa2
{ resign }
0-1

[Event "Tourn. n8606"]
[Site "www.chess-mail.com"]
[Date "2016.04.10"]
[Round "1"]
[White "Yangqi"]
[Black "Tartan"]
[WhiteElo "2630"]
[BlackElo "2410"]
[Result "1-0"]
[Round "1"]
1.c4 e6
2.g3 d5
3.Bf1g2 Ng8f6
4.Ng1f3 Nb8d7
5.O-O c6
6.b3 Bf8d6
7.Bc1b2 O-O
8.Qd1c2 e5
9.cxd5 cxd5
10.d3 Qd8e7
11.Nb1c3 a6
12.Ra1c1 Nd7b6
13.Qc2d2 Bc8e6
14.Nc3d1 Nf6d7
15.d4 f6
16.dxe5 fxe5
17.Qd2g5 d4
18.e3 Be6d5
19.Qg5xe7 Bd6xe7
20.Nf3d2 Bd5xg2
21.Kxg2 Ra8c8
22.Rc1xc8 Rf8xc8
23.exd4 exd4
24.Bb2xd4 Rc8c2
25.Nd2e4 Rc2xa2
26.Nd1e3 Ra2a5
27.Rf1c1 Nb6d5
28.Rc1c8 Nd7f8
29.Ne3c4 Ra5b5
30.Bd4c5 Rb5xb3
31.Bc5xe7 Nd5xe7
32.Rc8e8 Ne7g6
33.h4 b5
34.Nc4d6 h5
35.f4 Rb3b2
36.Kf3 Rb2b3
37.Ke2 Rb3b2
38.Kd3 Rb2a2
39.f5 { resign }
1-0

[Event "Tourn. n8707"]
[Site "www.chess-mail.com"]
[Date "2016.04.10"]
[Round "1"]
[White "Faerieking"]
[Black "Umzi"]
[WhiteElo "2180"]
[BlackElo "2200"]
[Result "1/2-1/2"]
[Round "1"]
1.e4 d5
2.exd5 Qd8xd5
3.Nb1c3 Qd5a5
4.d4 Ng8f6
5.Bf1e2 c6
6.Ng1f3 Bc8g4
7.O-O e6
8.Nf3e5 Bg4xe2
9.Qd1xe2 Bf8e7
10.Bc1d2 Qa5c7
11.Ra1d1 O-O
12.f4 c5
13.Bd2e3 cxd4
14.Be3xd4 Nb8c6
15.Ne5xc6 Qc7xc6
16.Kh1 Rf8e8
17.Bd4g1 { draw }
1/2-1/2

[Event "Tourn. n8631"]
[Site "www.chess-mail.com"]
[Date "2016.04.10"]
[Round "1"]
[White "Starwind"]
[Black "Goofy"]
[WhiteElo "2470"]
[BlackElo "2300"]
[Result "1-0"]
[Round "1"]
1.d4 Ng8f6
2.c4 c5
3.d5 e5
4.Nb1c3 d6
5.e4 Bf8e7
6.g3 O-O
7.Bf1g2 Nf6e8
8.Ng1e2 Nb8a6
9.O-O Bc8d7
10.a3 Ne8c7
11.Qd1d3 Ra8b8
12.Nc3d1 b5
13.b3 bxc4
14.bxc4 f5
15.Nd1c3 Be7g5
16.f4 exf4
17.Bc1xf4 Nc7e8
18.Bf4xg5 Qd8xg5
19.h4 Qg5e7
20.exf5 Bd7xf5
21.Rf1xf5 { resign }
1-0

[Event "Tourn. n8679"]
[Site "www.chess-mail.com"]
[Date "2016.04.10"]
[Round "1"]
[White "Prize64"]
[Black "Xkafi"]
[WhiteElo "2280"]
[BlackElo "1990"]
[Result "1-0"]
[Round "1"]
1.e4 d5
2.exd5 Qd8xd5
3.Ng1f3 Bc8g4
4.Bf1e2 h5
5.h3 Bg4f5
6.d4 e6
7.c4 Qd5e4
8.Nb1c3 Bf8b4
9.Qd1b3 a5
10.O-O Qe4c6
11.d5 exd5
12.cxd5 Qc6d6
13.a3 Bb4c5
14.Qb3xb7 Ra8a7
15.Qb7xb8 Ke7
16.Nc3b5 Qd6b6
17.Qb8xb6 Bc5xb6
18.Nb5xa7 Bb6xa7
19.Bc1d2 f6
20.Bd2xa5 Kd6
21.Ra1c1 Ba7b6
22.Ba5xb6 cxb6
23.Rf1d1 Ng8e7
24.Nf3d4 Bf5d7
25.Be2b5 { resign }
1-0

[Event "Tourn. n8677"]
[Site "www.chess-mail.com"]
[Date "2016.04.10"]
[Round "1"]
[White "Julian"]
[Black "Umzi"]
[WhiteElo "2110"]
[BlackElo "2200"]
[Result "0-1"]
[Round "1"]
1.e4 d5
2.exd5 Qd8xd5
3.Nb1c3 Qd5a5
4.d4 Ng8f6
5.Ng1f3 Bc8g4
6.Bf1e2 c6
7.O-O e6
8.Bc1d2 Qa5c7
9.h3 Bg4xf3
10.Be2xf3 Nb8d7
11.Bd2g5 Bf8e7
12.Rf1e1 O-O
13.Qd1d2 Rf8e8
14.Ra1d1 Nf6d5
15.Bg5xe7 Nd5xe7
16.Nc3e4 Ra8d8
17.c4 Nd7b6
18.Ne4c5 Nb6xc4
19.Qd2g5 Ne7d5
20.b3 Nc4d6
21.h4 b6
22.Nc5e4 h6
23.Qg5g3 Qc7e7
24.Ne4xd6 Rd8xd6
25.Re1e4 Re8d8
26.Re4e5 Nd5f6
27.Kh2 c5
28.d5 Nf6xd5
29.Bf3xd5 Rd6xd5
30.Rd1xd5 Rd8xd5
31.Re5xd5 exd5
32.Qg3b8 Kh7
{ resign }
0-1

[Event "Match"]
[Site "www.echecsemail.com"]
[Date "2016.04.10"]
[Round "1"]
[White "Iko"]
[Black "Toblakay"]
[WhiteElo "1670"]
[BlackElo "1499"]
[Result "0-1"]
[Round "1"]
1.e4 c5
2.Nb1c3 Nb8c6
3.Bf1b5 d6
4.Bb5xc6 bxc6
5.d3 e5
6.Ng1f3 f5
7.O-O Ng8f6
8.Bc1g5 Bf8e7
9.a4 O-O
10.Bg5xf6 Be7xf6
11.exf5 Bc8xf5
12.a5 Bf5g4
13.h3 Bg4h5
14.g4 Bh5g6
15.a6 Ra8b8
16.b3 e4
17.dxe4 Bf6xc3
18.Ra1a3 Bg6xe4
19.h4 Be4xf3
20.Qd1d3 Qd8xh4
21.Qd3xf3 Rf8xf3
22.Kg2 Qh4h3
23.Kg1 Qh3xg4
24.Kh2 Rf3h3

0-1

[Event "Match"]
[Site "www.echecsemail.com"]
[Date "2016.04.10"]
[Round "1"]
[White "Elogic"]
[Black "Glenno"]
[WhiteElo "1970"]
[BlackElo "2400"]
[Result "0-1"]
[Round "1"]
1.f4 d5
2.d3 Ng8f6
3.Nb1c3 d4
4.Nc3e4 Nf6d5
5.Ng1f3 f5
6.Ne4f2 Nb8c6
7.Bc1d2 e6
8.e4 fxe4
9.Nf2xe4 Bf8d6
10.Ne4xd6 Qd8xd6
11.g3 Qd6c5
12.h4 Nc6b4
13.c3 dxc3
14.Bd2xc3 Nd5e3
15.Qd1b3 Nb4c2
16.Kd2 Nc2xa1
17.Qb3a4 Bc8d7
18.Qa4e4 Ne3g4
19.Bf1h3 Ng4f2
20.Qe4xb7 Bd7c6
21.Qb7a6 Nf2xh1
22.Nf3d4 Bc6d5
23.Bh3xe6 Nh1xg3
24.b4 Ng3f1
25.Ke2 Qc5xc3
26.Be6xd5 Qc3d2
27.Kxf1 Qd2xf4
28.Nd4f3 Ra8d8
29.Qa6b5 Ke7
30.Qb5c5 Qf4d6
31.Qc5e3 Kf8
{ resign }
0-1

[Event "Match"]
[Site "www.echecsemail.com"]
[Date "2016.04.10"]
[Round "1"]
[White "Umutkrc"]
[Black "Elogic"]
[WhiteElo "1950"]
[BlackElo "1880"]
[Result "0-1"]
[Round "1"]
1.d4 d6
2.e3 g6
3.c3 Ng8f6
4.Nb1d2 e5
5.dxe5 dxe5
6.e4 Bf8c5
7.h3 c6
8.b4 Bc5b6
9.Bf1c4 O-O
10.Bc1a3 Rf8e8
11.Qd1b3 Bc8e6
12.Bc4xe6 Re8xe6
13.b5 Bb6xf2
14.Ke2 cxb5
15.Ra1d1 Bf2xg1
16.Nd2f3 Qd8b6
17.Rh1xg1 Nf6xe4
18.Qb3b4 Qb6f2
19.Kd3 Nb8a6
20.Qb4xe4 Ra8d8
21.Nf3d4 exd4
22.Qe4f3 Re6e3
23.Qf3xe3 Qf2xe3
24.Kc2 Qe3xc3
25.Kb1 Qc3xa3
26.Rg1e1 Na6b4
27.Re1e2 d3
28.Re2d2 Rd8c8
{ resign }
0-1

[Event "Match"]
[Site "www.echecsemail.com"]
[Date "2016.04.10"]
[Round "1"]
[White "Stevep84"]
[Black "Norwich"]
[WhiteElo "2180"]
[BlackElo "1630"]
[Result "1/2-1/2"]
[Round "1"]
1.d4 Ng8f6
2.c4 e6
3.Nb1c3 Bf8b4
4.Ng1f3 b6
5.Bc1g5 Bc8b7
6.Qd1c2 O-O
7.e3 Bb4xc3
8.Qc2xc3 d6
9.Bf1e2 Nb8d7
10.O-O Rf8e8
11.Bg5xf6 Nd7xf6
12.Nf3d2 Qd8e7
13.Be2d3 e5
14.d5 Nf6d7
15.Qc3c2 Nd7f6
16.Nd2e4 Nf6xe4
17.Bd3xe4 g6
18.f4 f5
19.Be4f3 exf4
20.exf4 Qe7f6
21.Rf1e1 a5
22.Re1e2 Kf7
23.Ra1e1 Qf6d4
24.Kh1 Qd4xf4
25.Qc2a4 Re8xe2
26.Bf3xe2 Ra8e8
27.Qa4d1 Qf4e3
28.h3 Qe3g3
29.Kg1 Kg7
30.Kf1 Re8e4
31.Be2f3 Re4xe1
32.Qd1xe1 Qg3xe1
33.Kxe1 Kf6
34.Ke2 Ke5
35.Ke3 b5
36.b3 bxc4
37.bxc4 Bb7a6
38.Bf3e2 h5
39.h4 Ba6c8
40.g3 Bc8b7
41.a3 c6
42.dxc6 Bb7xc6
43.Be2d3 { draw }
1/2-1/2

[Event "Match"]
[Site "www.echecsemail.com"]
[Date "2016.04.10"]
[Round "1"]
[White "Ericleo1980"]
[Black "Fabos12"]
[WhiteElo "2330"]
[BlackElo "1670"]
[Result "1-0"]
[Round "1"]
1.e4 e5
2.Ng1f3 Nb8c6
3.Bf1b5 d6
4.c3 f5
5.d3 fxe4
6.dxe4 a6
7.Bb5c4 h6
8.Nf3d4 Ng8f6
9.Nd4xc6 bxc6
10.Qd1b3 d5
11.exd5 cxd5
12.Bc4e2 Bc8e6
13.Qb3a4 Kf7
14.Bc1e3 c5
15.O-O Bf8d6
16.b3 Qd8d7
17.Qa4a5 c4
18.bxc4 dxc4
19.Nb1d2 Rh8c8
20.Ra1b1 Qd7d8
21.Qa5xd8 Rc8xd8
22.Nd2xc4 Be6xc4
23.Be2xc4 Kg6
24.Rb1b6 Nf6e4
25.Bc4d3 Kf5
26.g4 Kxg4
27.Bd3xe4 Ra8c8
28.f3 Kh5
29.Kh1 Bd6c5
30.Be3xc5 Rc8xc5
31.Rb6g6 Rd8d7
32.Rf1g1 Rc5xc3
33.Rg6g3 Kh4
34.Rg3g4 Kh5
35.Be4g6 
1-0

[Event "Match"]
[Site "www.echecsemail.com"]
[Date "2016.04.10"]
[Round "1"]
[White "Arenito"]
[Black "Baray"]
[WhiteElo "1499"]
[BlackElo "1799"]
[Result "1-0"]
[Round "1"]
1.e4 d5
2.Bf1b5 Nb8d7
3.Ng1f3 a6
4.Nf3h4 axb5
5.Nb1c3 Nd7e5
6.Nc3xb5 c6
7.f3  { time }
1-0

[Event "Match"]
[Site "www.echecsemail.com"]
[Date "2016.04.10"]
[Round "1"]
[White "Mitja"]
[Black "Elogic"]
[WhiteElo "1900"]
[BlackElo "1770"]
[Result "0-1"]
[Round "1"]
1.d4 e6
2.e3 c6
3.c3 d5
4.h3 g6
5.Ng1f3 Bf8g7
6.Nb1d2 Bc8d7
7.Nd2b3 b6
8.Bf1e2 a5
9.O-O a4
10.Nb3d2 b5
11.a3 Ng8e7
12.b3 axb3
13.Nd2xb3 O-O
14.Nb3c5 Ne7f5
15.Bc1b2 Ra8a7
16.Qd1c2 Bg7h6
17.Qc2d2 f6
18.Rf1d1 g5
19.Be2d3 Nf5e7
20.Bd3c2 Qd8c7
21.Qd2d3 f5
22.Nf3e5 Bd7e8
23.g4 Ne7g6
24.Nc5xe6 Ng6xe5
25.dxe5 Qc7xe5
26.Ne6xf8 Kxf8
27.Qd3xf5 Qe5xf5
28.Bc2xf5 Bh6g7
29.Bf5xh7 Nb8a6
30.Bh7c2 Be8f7
31.f4 gxf4
32.exf4 Ra7b7
33.Rd1e1 c5
34.Ra1b1 c4
35.Kg2 Na6c5
36.a4 bxa4
37.Bc2xa4 Rb7xb2
38.Rb1xb2 Bg7xc3
39.Rb2b8 Kg7
40.Re1c1 Nc5xa4
41.Rb8a8 Na4b6
42.Ra8a6 Bc3d2
43.Rc1d1 c3
44.Ra6xb6 d4
45.Rb6b7 c2
46.Rd1xd2 c1Q
47.Rb7xf7 Kxf7
{ resign }
0-1

[Event "Eq:Slap Shot Mates-chibcha : "]
[Site "www.chess-mail.com"]
[Date "2016.04.10"]
[Round "1"]
[White "Asoka"]
[Black "Paes19"]
[WhiteElo "2760"]
[BlackElo "2100"]
[Result "1-0"]
[Round "1"]
1.e4 e6
2.d4 d6
3.Bf1d3 Nb8c6
4.Ng1f3 h6
5.c4 b6
6.O-O Bc8b7
7.d5 Nc6e5
8.Bd3c2 Ne5xc4
9.Bc2a4 Ke7
10.Qd1e2 Nc4e5
11.Nf3xe5 dxe5
12.f4 Qd8d6
13.fxe5 Qd6xe5
14.Nb1c3 Ng8f6
15.Bc1f4 Qe5d4
16.Kh1 e5
17.Ra1d1 Qd4b4
18.Bf4xe5 Ra8c8
19.d6 Ke6
20.Rf1xf6 { resign }
1-0

[Event "Eq:La Taverne-Los Tercios : "]
[Site "www.chess-mail.com"]
[Date "2016.04.10"]
[Round "1"]
[White "Guidom"]
[Black "Shihchuliao"]
[WhiteElo "2060"]
[BlackElo "2080"]
[Result "1-0"]
[Round "1"]
1.e4 c6
2.d4 e6
3.c3 d6
4.Ng1f3 h6
5.Bf1d3 b5
6.O-O a6
7.e5 dxe5
8.Nf3xe5 Bc8b7
9.Qd1h5 Qd8e7
{ time. }
1-0

[Event "Eq:La Taverne-Los Tercios : "]
[Site "www.chess-mail.com"]
[Date "2016.04.10"]
[Round "1"]
[White "Shihchuliao"]
[Black "Guidom"]
[WhiteElo "2080"]
[BlackElo "2060"]
[Result "0-1"]
[Round "1"]
1.e4 e5
2.Ng1f3 Nb8c6
3.c3 d6
4.a3 Bc8g4
5.h3 Bg4h5
6.Bf1e2 Ng8f6
7.g4 Bh5g6
8.d3 Bf8e7
9.Nb1d2 { time. }
0-1

[Event "Tourn. n8465"]
[Site "www.chess-mail.com"]
[Date "2016.04.11"]
[Round "1"]
[White "Ssharp"]
[Black "Orhany24"]
[WhiteElo "2220"]
[BlackElo "2010"]
[Result "0-1"]
[Round "1"]
1.e4 e5
2.Ng1f3 Nb8c6
3.Bf1c4 Ng8f6
4.Nf3g5 d5
5.exd5 Nc6a5
6.Bc4b5 c6
7.dxc6 bxc6
8.Bb5e2 h6
9.Ng5f3 Bf8d6
10.d3 O-O
11.Nb1c3 c5
12.h3 a6
13.O-O Bc8b7
14.Nf3d2 Na5c6
15.Be2f3 Ra8b8
16.Nc3e4 Nf6xe4
17.Nd2xe4 Nc6d4
18.Ne4d2 Nd4xf3
19.Nd2xf3 f5
20.b3 Qd8f6
21.Bc1b2 Qf6g6
22.Nf3e1 f4
23.f3 Rf8f5
24.Qd1e2 Rf5h5
25.Kh1 Rb8f8
26.c4 Rf8f5
27.Rf1f2 Rf5g5
28.Ne1c2 Rg5g3
29.Qe2f1 Rh5h4
30.Ra1e1 Qg6h5
31.Re1e2 Bb7c8
32.Nc2e1 Bc8xh3
33.gxh3 Rg3xh3
34.Qf1xh3 Rh4xh3
35.Rf2h2 Rh3xh2
36.Re2xh2 Qh5f5
37.Kg1 Kf7
38.Kf2 Bd6f8
39.Ke2 g5
40.Rh2g2 Bf8g7
41.Bb2a3 Bg7f8
42.Ba3b2 Ke6
43.Bb2c3 Bf8d6
44.Rg2h2 Qf5g6
45.Rh2g2 h5
46.Rg2g1 g4
47.Rg1g2 g3
48.Kf1 h4
49.Rg2e2 h3
50.d4 cxd4
51.Bc3xd4 g2
52.Kg1 h2
53.Kxh2 g1Q
54.Bd4xg1 Qg6g3
55.Kh1 Bd6b4
56.Bg1h2 Qg3h3
57.Kg1 Bb4xe1
58.Re2xe1 Qh3xf3
59.Re1f1 Qf3e3
60.Kg2 Qe3e4
61.Kg1 Qe4e3
62.Kg2 a5
63.Rf1f2 Qe3e4
64.Kg1 Qe4e1
65.Rf2f1 Qe1e2
66.Rf1f2 Qe2g4
67.Kf1 Kf5
68.Ke1 Qg4h4
69.Kf1 Qh4h3
70.Kg1 f3
71.c5 e4
72.c6 e3
73.Rf2c2 e2
{ resign }
0-1

[Event "Tourn. n8621"]
[Site "www.chess-mail.com"]
[Date "2016.04.11"]
[Round "1"]
[White "Raven16"]
[Black "Tartan"]
[WhiteElo "2200"]
[BlackElo "2400"]
[Result "1/2-1/2"]
[Round "1"]
1.d4 Ng8f6
2.c4 e6
3.Ng1f3 Bf8b4
4.Bc1d2 c5
5.a3 Bb4xd2
6.Qd1xd2 cxd4
7.Nf3xd4 O-O
8.Nb1c3 d5
9.e3 dxc4
10.Bf1xc4 a6
11.O-O b5
12.Bc4b3 Bc8b7
13.Rf1d1 Qd8b6
14.Ra1c1 Rf8d8
15.Qd2e2 Nb8d7
16.Rd1d2 Ra8c8
17.Rc1d1 Nd7c5
18.Bb3a2 Nc5e4
19.Nc3xe4 Bb7xe4
20.f3 Be4d5
21.Ba2xd5 Nf6xd5
22.Kh1 b4
23.axb4 Nd5xb4
24.Nd4c2 Rd8xd2
25.Rd1xd2 Nb4xc2
26.Rd2xc2 Rc8d8
27.h3 h6
28.e4 a5
29.Qe2f2 Rd8d1
{ draw }
1/2-1/2

[Event "Tourn. n8610"]
[Site "www.chess-mail.com"]
[Date "2016.04.11"]
[Round "1"]
[White "Gatrooper"]
[Black "Mrmoto"]
[WhiteElo "1620"]
[BlackElo "1590"]
[Result "0-1"]
[Round "1"]
1.e4 c5
2.d3 d6
3.h3 Nb8c6
4.Ng1f3 g6
5.a3 a5
6.Nb1c3 Bf8g7
7.Nc3d5 Ng8f6
8.Nd5xf6 Bg7xf6
9.Bc1h6 Qd8b6
10.Bh6c1 Nc6d4
11.Nf3xd4 Bf6xd4
12.c3 Bd4e5
13.d4 Be5g7
14.a4 O-O
15.Bf1e2 cxd4
16.cxd4 Bg7xd4
17.Bc1e3 Bd4xe3
18.fxe3 Qb6xe3
19.Ra1a3 Qe3xe4
20.O-O Bc8e6
21.Be2f3 Qe4b4
22.h4 Qb4xb2
23.Ra3e3 b5
24.Re3e2 Qb2a3
25.axb5 Qa3c5
26.Kh1 Be6c4
27.Re2c2 Ra8b8
28.Rf1f2 Rb8xb5
29.Bf3e2 Rb5b4
30.Qd1f1 Qc5b5
31.Be2xc4 Qb5e8
32.Bc4a2 Rb4xh4
33.Kg1 e6
34.Rf2f3 Qe8a4
35.Rf3f2 d5
36.Ba2b3 Qa4e8
37.Rf2f3 f5
38.Rf3h3 Rh4xh3
39.gxh3 a4
40.Bb3a2 Qe8b8
41.Qf1a6 Qb8g3
42.Rc2g2 Qg3e3
43.Kh2 Qe3e5
44.Kh1 Qe5a1
45.Kh2 Qa1e5
46.Kg1 Qe5d4
47.Kh2 Kg7
48.Qa6b7 Rf8f7
49.Qb7b1 Rf7c7
50.Qb1b2 Qd4xb2
51.Rg2xb2 Rc7a7
52.h4 h5
53.Rb2b6 Kf6
54.Kh3 Ra7c7
55.Rb6b2 Rc7c3
56.Kh2 a3
57.Rb2f2 Rc3e3
58.Kg2 g5
59.hxg5 Kxg5
60.Kg1 h4
61.Rf2g2 Kh5
62.Rg2g8 Re3e2
63.Rg8h8 Kg4
64.Rh8g8 Kf3
65.Ba2b3 a2
66.Bb3xa2 Re2xa2
67.Rg8g5 h3
68.Kh1 Kf4
69.Rg5g8 Ra2g2
70.Rg8xg2 hxg2
71.Kxg2 Ke4
72.Kg3 d4
73.Kf2 d3
74.Ke1 f4
75.Kd2 Kd4
76.Kd1 e5
77.Kd2 e4
{ resign }
0-1

[Event "Tourn. n8700"]
[Site "www.chess-mail.com"]
[Date "2016.04.11"]
[Round "1"]
[White "Mitja"]
[Black "Ff333"]
[WhiteElo "1910"]
[BlackElo "1990"]
[Result "0-1"]
[Round "1"]
1.d4 d5
2.e3 Ng8f6
3.h3 g6
4.Ng1f3 Bf8g7
5.c3 O-O
6.Bf1e2 Nf6e4
7.Nb1d2 e6
8.Be2d3 Ne4xd2
9.Qd1xd2 b6
10.a4 Bc8a6
11.Bd3xa6 Nb8xa6
12.Qd2d3 Qd8c8
13.b3 c5
14.Bc1b2 cxd4
15.cxd4 Na6b4
16.Qd3d2 Nb4c2
{ resign }
0-1